Who Got Top 10 In Minecraft Championship Hole In The Wall - Canon Only - Statistics

General Stats
  • This quiz has been taken 4 times
    2 since last reset
  • The average score is 34 of 62
Answer Stats
Hint1 Answer % Correct
1 5up
100%
7 Antfrost
100%
2 AntVenom
100%
3 CaptainSparklez
100%
6 Dream
100%
5 FireBreathMan
100%
15 Fruitberries
100%
15 Hbomb94
100%
7 Illumina
100%
4 Jojosolos
100%
6 Kratzy
100%
20 PeteZahHutt
100%
11 Ph1LzA
100%
7 Punz
100%
11 Quig
100%
10 Sapnap
100%
9 Smajor1995
100%
5 TapL
100%
8 Technoblade
100%
7 TommyInnit
100%
3 Tubbo
100%
1 Eret
50%
1 FalseSymmetry
50%
1 Feinberg
50%
7 Fundy
50%
2 Grian
50%
1 JCTheCaster
50%
1 KaraCorvus
50%
1 King_Burren
50%
6 Krinios
50%
3 Mefs
50%
1 MichaelMcChill
50%
3 OrionSound
50%
2 OwengeJuice
50%
4 Pearlescentmoon
50%
2 Purpled
50%
8 Ranboo
50%
1 Ryguyrocky
50%
13 Seapeekay
50%
5 Shubble
50%
5 Smallishbeans
50%
1 Sneegsnag
50%
4 SolidarityGaming
50%
1 Sylvee
50%
4 Vikkstar123
50%
1 Wallibear
50%
4 Wilbur Soot
50%
2 Aimsey
0%
1 DanTDM
0%
1 fWhip
0%
3 GeorgeNotFound
0%
1 GizzyGazza
0%
7 InTheLittleWood
0%
1 Jameskii
0%
3 JamesTurner
0%
1 JeromeASF
0%
1 KryticZeuz
0%
1 MiniMuka
0%
1 RTGame
0%
1 SB737
0%
1 TankMatt
0%
3 Wisp
0%
No matching quizzes found
Score Distribution
Percent of People with Each Score
Percentile by Number Answered
Your Score History
You have not taken this quiz since the last reset